000 00267nam a22001097a 4500
008 240711b |||||||| |||| 00| 0 eng d
100 _aVasvani, Melaram
_916848
245 _aRajput Balidan
260 _aAjmer:
_bSunder Sahitya;
_c1957.
300 _a130p.
942 _cBK
999 _c39969
_d39969